BENELUX

Guardat en:
Dades bibliogràfiques
Autor principal: Schneider, J. W.
Format: Text
Publicat: s.l: s.e.
Etiquetes: Afegir etiqueta
Sense etiquetes, Sigues el primer a etiquetar aquest registre!

MARC

LEADER 00000 a a2200000 04500
001 24094
003
040
090 |a 171200  
100 |a Schneider, J. W.  
245 |a BENELUX  
260 |a s.l:   |b s.e.  
300 |a pp. 71-115  
999 |c 13333  |d 13333